Representing history, class, and gender in Spain and Latin America : children and adolescents in film /

Bibliographic Details
Corporate Author: ebrary, Inc
Other Authors: Rocha, Carolina, Seminet, Georgia, 1961-
Format: eBook
Language:English
Published: New York : Palgrave Macmillan, 2012.
Edition:1st ed.
Subjects:
Online Access:Connect to the full text of this electronic book

MARC

Tag First Indicator Second Indicator Subfields
LEADER 00000cam a2200000 a 4500
001 in00002781631
006 m d
007 cr cn|||||||||
008 120210s2012 nyu ob 001 0 eng d
005 20250816203828.0
010 |z  2012002762 
020 |z 9781137030863 (hardback alk. paper) 
020 |z 9781137030870 (e-book) 
035 |a (CaPaEBR)ebr10596867 
040 |a CaPaEBR  |c CaPaEBR  |d UtOrBLW 
043 |a e-sp---  |a n------  |a s------ 
050 1 4 |a PN1995.9.C45  |b R53 2012eb 
082 0 4 |a 791.73/6523  |2 23 
245 0 0 |a Representing history, class, and gender in Spain and Latin America :  |b children and adolescents in film /  |c edited by Carolina Rocha and Georgia Seminet. 
250 |a 1st ed. 
264 1 |a New York :  |b Palgrave Macmillan,  |c 2012. 
300 |a 1 online resource (x, 248 pages) 
336 |a text  |b txt  |2 rdacontent 
337 |a computer  |b c  |2 rdamedia 
338 |a online resource  |b cr  |2 rdacarrier 
504 |a Includes bibliographical references and index. 
505 0 |a Memory and trauma. Introduction / Carolina Rocha and Georgia Seminet -- Julia Tun: Surviving childhood: the Nepantla generation as portrayed in On the empty balcony by Jome Garcia Ascot (1962) -- Antonio Gomez L.-Quinones: Fairies, maquis, and children without schools: romantic childhood and civil war in Pan's labyrinth -- Georgia Seminet: A child's voice, a country's silence: ethnicity, class and gender in El silencio de neto (1996) -- Carolina Rocha: Children's views of state-sponsored violence in Latin America: Machuca and The year my parents went on vacation -- Janis Breckenridge: Enabling, enacting and envisioning societal complicity: Daniel Bustamante's Andres no quiere dormir la siesta (2009) -- Childhood and paths to citizenship in film. Ignacio Sanchez Prado: Innocence interrupted: neoliberalism and the end of childhood in recent Mexican cinema -- Dan Russek: from Bunuel to Eimbcke: orphanhood in recent Mexican cinema -- Eduardo Ledesma: through "their" eyes: internal and external focalizing agents in the representation of children and violence in Iberian and Latin American film -- Rosana Diaz Zambrana: Roads to emancipation: sentimental education in Viva Cuba -- Gender identity. Jeff Zamostny: Donstructing ethical attention in Lucia Puenzo's XXY: cinematic strategy, intersubjectivity, and intersexuality -- Jack Draper: Cinematic portrayals of teen girls in Brazil's urban peripheries: realist and subjectivist approaches to adolescent dreams and fantasy in Sonhos roubados and Nina -- Beatriz Urraca: No longer young: childhood, family, and trauma in Las mantenidas sin sueos. 
500 |a Electronic resource. 
650 0 |a Children in motion pictures. 
650 0 |a Teenagers in motion pictures. 
650 0 |a Motion pictures  |x Social aspects  |z Spain. 
650 0 |a Motion pictures  |x Social aspects  |z Latin America. 
655 7 |a Electronic books.  |2 local 
700 1 |a Rocha, Carolina. 
700 1 |a Seminet, Georgia,  |d 1961- 
710 2 |a ebrary, Inc. 
856 4 0 |u https://ebookcentral.proquest.com/lib/tamucs/detail.action?docID=1016507  |y Connect to the full text of this electronic book  |t 0 
980 |a 120925  |b 90  |c USD  |e 90  |f YBP_EBR0000043082  |g 1 
999 f f |s d98d6866-63f9-3a0b-89d9-611e7558b838  |i 3c01c04b-b128-38de-83a5-c20802541db9  |t 0 
999 |a MARS 
952 f f |a Texas A&M University  |b College Station  |c Electronic Resources  |d Available Online  |t 0  |e PN1995.9.C45 R53 2012eb  |h Library of Congress classification 
998 f f |a PN1995.9.C45 R53 2012eb  |t 0  |l Available Online